Mi vivero escolar: (Registro nro. 4443)

Detalles MARC
000 -CABECERA
Campo de control 00660nam a2200217 a 4500
005 - FECHA Y HORA DE LA ULTIMA TRANSACCION
Campo de control 20200104041550.0
008 - ELEMENTOS DE LONGITUD FIJA—INFORMACION GENERAL
Campo de control 160108b xxu||||| |||| 00| 0 spa d
040 ## - FUENTE DE CATALOGACIÓN
Agencia catalogadora original CO-BoIAVH
Agencia transcriptora CO-BoIAVH
041 ## - IDIOMA
Código de idioma para texto/pista de sonido o título separado Español
044 ## - PAÍS DE PUBLICACIÓN
País de publicación Colombia
090 ## - CLASIFICACIÓN LOCAL
Colección EA
Consecutivo 00004
100 1# - ASIENTO PRINCIPAL--NOMBRE PERSONAL
Nombre personal Zapata Duque, Julián
9 (RLIN) 6986
245 1# - MENCION DE TITULO
Título Mi vivero escolar:
Parte restante del título cafeteros siglo XXI nociones elementales.
260 ## - PUBLICACION, DISTRIBUCION, ETC. (PIE DE IMPRENTA)
Lugar de publicación, distribución, etc. s.l.:
Nombre del editor, distribuidor, etc. Gobernación de Risaralda,
-- Comite Departamental de Cafeteros de Risaralda,
Fecha de publicación, distribución, etc. [199?].
300 ## - DESCRIPCION FISICA
Extensión 23 páginas.
650 1# - ASIENTO SECUNDARIO DE MATERIA - TERMINO TEMATICO
Término temático o nombre geográfico como elemento de entrada Educación ambiental
9 (RLIN) 162
650 1# - ASIENTO SECUNDARIO DE MATERIA - TERMINO TEMATICO
Término temático o nombre geográfico como elemento de entrada Agroecología
9 (RLIN) 230
650 1# - ASIENTO SECUNDARIO DE MATERIA - TERMINO TEMATICO
Término temático o nombre geográfico como elemento de entrada Viveros
9 (RLIN) 48280
942 ## - ELEMENTOS ADICIONALES (KOHA)
Tipo de ítem Folleto
Sistema de clasificación Local
945 ## - PROCESAMIENTO LOCAL
AAAA-MM-DD - Fecha de ingreso o modificacion 2005-05-16
Existencias
Withdrawn status Lost status Sistema de Clasificación Damaged status No para préstamo Colección Inventariado Ubicación Permanente Ubicación actual Fecha de adquisición Total Checkouts Número topográfico Inventario / Código de Barras Date last seen Ejemplar Price effective from Forma de adquisición Tipo de material
    Local     Educación Ambiental Inventariado 2017 Sala Fabio Quevedo Sala Fabio Quevedo 16/05/2005   EA-00004 017928 04/12/2012 Ej. 1 04/12/2012   Folleto